[Event "EU-ch 4th"]
[Site "Istanbul"]
[Date "2003.06.01"]
[Round "3"]
[White "Mamedov, Rauf"]
[Black "Jobava, Baadur"]
[Result "0-1"]
[WhiteElo "2330"]
[BlackElo "2566"]
[Annotator "Huzman,A"]
[PlyCount "70"]
[EventDate "2003.05.30"]
[EventType "swiss"]
[EventRounds "13"]
[EventCountry "TUR"]
[SourceTitle "CBM 096"]
[Source "ChessBase"]
[SourceDate "2003.09.25"]
[SourceVersion "1"]
[SourceVersionDate "2003.09.25"]
[SourceQuality "1"]

1. e4 d6 2. d4 Nf6 3. Nc3 e5 4. Nf3 Nbd7 5. Bc4 Be7 6. O-O O-O 7. a4 a5 8. Ba2
h6 9. h3 c6 10. Be3 Re8 11. Re1 (11. Nh4 Bf8 12. Ng6 Qc7 13. f4 $16 {1-0
Susterman,A-Bartosik,O/Bratislava 1993/TD (39)}) (11. Qe2 Bf8 12. dxe5 Nxe5 13.
Nd4 Ng6 $132 {1/2-1/2 Meyling,M-Pedersen,S/Farum 1993/TD (19)}) (11. Nd2 Bf8
12. Kh1 exd4 13. Bxd4 Nc5 14. Qf3 Be6 15. Bxe6 Rxe6 16. Rfe1 Qe8 17. Bxc5 dxc5
18. Nc4 b5 19. axb5 cxb5 20. Nd2 b4 21. Na4 Rd8 22. Re2 Rd4 $15 {0-1 Ivanova,
S-Grigorieva,A/Bucharest 1994/EXT 97 (53)}) (11. dxe5 dxe5 12. Qe2 Bb4 13. Qc4
Re6 14. Rad1 b6 15. Qe2 Ba6 16. Bc4 Qc8 $11 {0-1 Dragovic,M-Tadic,B/Senta 2002/
CBM 89 ext (50)}) 11... Qc7 (11... Bf8 12. Nh4 d5 13. exd5 Nxd5 14. Nxd5 cxd5
15. Nf5 e4 16. f3 Nf6 17. fxe4 Rxe4 18. Qf3 Qb6 19. Ng3 Rh4 20. Bb3 Be6 21.
Rad1 Bb4 22. Rf1 Re8 23. Bf2 Ne4 $132 {0-1 Beliavsky,A-Shirazi,K/Bastia 1998/
CBM 67 ext (50)}) 12. Nh4 Nf8 13. Qf3 Be6 14. Nf5 (14. d5 cxd5 15. exd5 Bd7 16.
Nf5 Ng6 $132) 14... Ng6 15. Qg3 Kh7 (15... d5 16. Nxe7+ (16. dxe5 Nxe4 17. Nxe4
Bxf5 18. Nd6 Bxd6 19. exd6 Qd7 20. c4 $16) 16... Rxe7 17. dxe5 Nxe4 18. Nxe4
dxe4 19. Bc5 $16) 16. Qf3 (16. dxe5 $5 dxe5 17. Bxe6 fxe6 18. Nxe7 Qxe7 19. b3
Nh5 20. Qg4 $14) 16... Kh8 17. g3 exd4 18. Bxd4 Ne5 $132 19. Bxe5 dxe5 20. Rad1
Rad8 21. Bxe6 fxe6 22. Nxe7 Qxe7 23. Qe3 Qb4 24. b3 Rd4 $1 $11 25. Rd3 Red8 26.
Red1 Kh7 27. Kg2 R8d6 {[%cal Yf6d7,Yd7c5]} 28. f4 (28. f3 Qc5 (28... Nd7 29.
Ne2 Rxd3 30. Rxd3 Rxd3 31. Qxd3 Qe1 $132) 29. R1d2 Nd7 30. Ne2 (30. Kf1 Rxd3
31. Rxd3 Rxd3 32. Qxd3 Qd4 $11) 30... Rxd3 31. Rxd3 Qxe3 32. Rxe3 Rd2 $17)
28... Nd7 (28... exf4 29. gxf4 Rxd3 30. Rxd3 Rxd3 31. Qxd3 Nh5 32. e5+ $11) 29.
fxe5 (29. Rxd4 exd4 (29... Rxd4 30. fxe5 Rxd1 31. Nxd1 Nxe5 32. Nf2 $11) 30.
Qd2 e5 (30... Nc5 31. e5 Rd7 32. Na2 $15) 31. Ne2 $11) 29... Rxd3 30. cxd3 $2 (
30. Rxd3 Nxe5 31. Rxd6 Qxd6 32. Kf2 $15) 30... Nxe5 $19 31. d4 Qxb3 $19 32. Rd2
$2 (32. Qe1 $8 Nc4 33. e5 Rd7 34. Qe4+ Kg8 35. Rc1 Nb6 $19) 32... Nc4 33. Qd3
e5 $1 34. Rf2 Rxd4 35. Qf3 Rd6 0-1

[Event "Sarajevo Bosnia 33rd"]
[Site "Sarajevo"]
[Date "2003.05.27"]
[Round "9"]
[White "Shirov, Alexei"]
[Black "Damljanovic, Branko"]
[Result "1-0"]
[WhiteElo "2735"]
[BlackElo "2587"]
[Annotator "Huzman,A"]
[PlyCount "85"]
[EventDate "2003.05.18"]
[EventType "tourn"]
[EventRounds "9"]
[EventCountry "BIH"]
[EventCategory "16"]
[SourceTitle "CBM 096"]
[Source "ChessBase"]
[SourceDate "2003.09.25"]
[SourceVersion "1"]
[SourceVersionDate "2003.09.25"]
[SourceQuality "1"]

1. e4 d6 2. d4 Nf6 3. Nc3 e5 4. Nf3 Nbd7 5. Bc4 Be7 6. O-O O-O 7. Re1 c6 8. a4
b6 9. b3 a6 10. Bb2 Rb8 11. Qd2 (11. Bd3 b5 12. axb5 (12. Ne2 Qc7 13. Ng3 Re8 (
13... g6 14. c4 bxc4 15. Bxc4 Ne8 16. Qd2 Bf6 17. dxe5 Nxe5 18. Nxe5 Bxe5 19.
Bxe5 dxe5 20. Rad1 a5 21. Re3 Ng7 $11 {1/2-1/2 Anagnostopoulos,D-Lorscheid,G/
Pardubice 1998/EXT 99 (26)}) 14. axb5 axb5 15. Qd2 Bf8 16. Ra2 c5 17. dxe5 Nxe5
18. Nxe5 dxe5 19. c4 Be6 20. Qc2 bxc4 21. bxc4 Bd6 22. Bc3 Nd7 23. Nf1 Nb6 24.
Ne3 $14 {1-0 Kaminski,U-Hesse,P/Germany 1997/GER-chT2 (48)}) 12... axb5 13. Ne2
Qc7 14. Ng3 g6 15. Qd2 Re8 16. h4 h5 17. c4 b4 18. c5 Ng4 19. cxd6 Bxd6 20.
Nxh5 gxh5 21. Qg5+ Kf8 22. Qxh5 Ndf6 23. Qg5 Nh7 24. Qh5 f6 25. Bc4 Qg7 $17 {
0-1 Duschek,V-Miltner,A/Germany 1998/GER-chT2 (41)}) (11. Qe2 b5 12. axb5 axb5
13. Bd3 exd4 14. Nxd4 Ne5 15. Nd1 Qb6 16. Ne3 Re8 17. Nf3 Nfg4 18. h3 Nxf3+ 19.
Qxf3 Ne5 20. Qg3 Bf6 $11 {0-1 Coquillat,C-Avaria,D/Noumea 1995/EXT 97 (43)}) (
11. Bf1 Re8 12. Qd2 Bf8 13. Rad1 Qc7 14. h3 b5 15. dxe5 {R} dxe5 16. axb5 axb5
$15 {0-1 Vatter,H-Schmidt Schaeffer,S/Zell 1993/EXT 2002 (45)}) 11... b5 12.
Bd3 Re8 (12... exd4 $5 13. Nxd4 Ne5 $132) 13. Ne2 (13. axb5 axb5 14. Ne2 Bf8
15. Ng3 c5 16. d5 c4 17. Bf1 cxb3 18. cxb3 b4 19. Rec1 h5 20. Rc4 {1/2-1/2
Perez,R-Alvarez,J/Havana 2002/CBM 88 ext (20)}) 13... Bf8 14. Ng3 g6 15. axb5
axb5 16. c4 $5 (16. Ra7 Qb6 17. Rea1 Bg7 $11) 16... bxc4 17. Bxc4 d5 $1 18.
dxe5 (18. Bf1 $5) 18... dxc4 19. exf6 Rxb3 (19... cxb3 20. Nf5 $1 gxf5 (20...
Re6 21. Nh6+ Bxh6 22. Qxh6 Qf8 23. Qh4 $40) 21. Qg5+ Kh8 22. Qh5 Nxf6 23. Ng5
$18) (19... Nc5 $5 20. Qxd8 Rxd8 21. Be5 Rxb3 22. Nd4 Rb7 (22... Nd3 23. Nxb3
Nxe1 24. Na5 Nd3 25. Nxc4 Be6 26. Bc7 Rc8 27. Ne5 Nxf2 $11) 23. Nxc6 Re8 $44)
20. Bc3 $1 {[%cal Gf3d4,Gg3f5,Gd4f5]} Nc5 $1 {[%cal Yc5d3]} 21. Nd4 Rb7 22.
Rad1 (22. Ra8 Nd3 23. Rea1 Qxf6 24. Ndf5 Qe6 25. Nh6+ Bxh6 26. Qxh6 f6 $11)
22... Nd3 (22... Rd7 $1 23. e5 Rd5 24. Nf1 Nd3 25. Nxc6 Qc7 26. Ne7+ Bxe7 27.
fxe7 Be6 28. Ne3 Rd7 29. Rf1 Rdxe7 30. f4 Qc5 31. Kh1 Rd7 32. Qe2 Qa3 $132) 23.
Nxc6 Qc7 24. Ne7+ Bxe7 25. fxe7 Qxe7 (25... Nxe1 26. Qd4 $1 f6 27. Qxf6 Qxe7
28. Qh8+ Kf7 29. Qxh7+ Kf8 30. Qh8+ Kf7 31. Qg7+ Ke6 32. Qxg6+ Qf6 33. Qxf6#)
26. Rf1 f6 27. f3 $14 {This position looks about equal but, in fact, the
weakened black K's fortress is not that easy to defend - in particular, due to
the opposite coloured Bs that clearly favour White.} Be6 (27... Qc5+ 28. Kh1
Rb6 29. Ra1 $36) 28. Ne2 Bf7 29. Qe3 Rd8 30. Ra1 Rbd7 31. h3 g5 $2 (31... Ne5
$5 32. Ra6 (32. f4 Rd3 33. Qf2 Nd7 $132 {[%csl Re4]}) 32... Rd3 33. Qf4 $16)
32. Nd4 (32. Ra6 $5 Rd6 33. Ra7 R8d7 34. Rfa1 $36) 32... Qe5 33. Ra5 Qf4 $2 (
33... Qc7 34. Nf5 (34. Rfa1 Nf4 35. Kh1) 34... Nf4 $132) 34. Nf5 $1 Qxe3+ 35.
Nxe3 $18 Rd6 (35... Ne5 36. Bxe5 fxe5 37. Rxe5 h6 38. Rc5 $18) 36. Ng4 Ne5 37.
Nh6+ Kf8 38. Bb4 Ke8 39. Bxd6 Rxd6 40. Ra8+ Kd7 41. Ra7+ Ke8 42. Nxf7 Nxf7 43.
Rb1 1-0

[Event "Mario Covas 3rd"]
[Site "Santos"]
[Date "2003.04.30"]
[Round "10"]
[White "Milos, Gilberto"]
[Black "Hoffman, Alejandro"]
[Result "1-0"]
[WhiteElo "2586"]
[BlackElo "2485"]
[Annotator "Huzman,A"]
[PlyCount "65"]
[EventDate "2003.04.22"]
[EventType "tourn"]
[EventRounds "10"]
[EventCountry "BRA"]
[EventCategory "12"]
[SourceTitle "CBM 095"]
[Source "ChessBase"]
[SourceDate "2003.07.25"]
[SourceVersion "1"]
[SourceVersionDate "2003.07.25"]
[SourceQuality "1"]

1. e4 d6 2. d4 Nf6 3. Nc3 e5 4. Nf3 Nbd7 5. Bc4 Be7 6. O-O O-O 7. Re1 c6 8. a4
b6 9. Bg5 a6 10. d5 c5 11. Rb1 $1 Ne8 12. Be3 g6 13. b4 (13. Nd2 Bg5 14. Bxg5
Qxg5 15. Bf1 Qd8 16. Nc4 Qc7 17. Bd3 Nef6 18. Qe2 Re8 19. b4 Rb8 20. b5 a5 $14
{1/2-1/2 Sanchez,F-Tempone,M/Villa Ballester 2001/CBM 80 ext (26)}) 13... f5 (
13... Ng7 14. bxc5 bxc5 15. Nd2 Bg5 16. Bxg5 Qxg5 17. Bf1 f5 18. Nc4 Qf6 19. a5
h5 20. exf5 gxf5 21. Na4 Ra7 22. Nab6 $16 {1-0 Leitao,R-Tempone,M/Buenos Aires
2000/CBM 79 (36)}) 14. Bh6 Rf7 (14... Ng7 $5 15. bxc5 bxc5 16. Nd2 (16. exf5
gxf5 17. Qd2 e4 18. Ng5 Ne5 19. Bf1 $140 e3 20. Qxe3 f4 $19) 16... Bg5 17. Bxg5
Qxg5 18. Bf1 $16 {[%cal Gd2c4]}) 15. exf5 gxf5 16. Qd2 {[%cal Gf3g5] White's
almost uncontested space advantage allows him to seize intiative at both sides
of the board.} Qc7 (16... f4 {[%csl Re4]} 17. Bd3 $16 {[%cal Gc3e4]}) (16... e4
17. Ng5 Bxg5 18. Bxg5 Qc7 19. b5 Ne5 20. Be2 $16) 17. b5 $1 a5 18. Ng5 $1 Bxg5
(18... Rf6 19. Ne6 $18) 19. Qxg5+ Kh8 20. f4 $16 e4 21. Re3 (21. Nd1 $5 Ndf6
22. Qh4 Ng4 23. Bg5 Bb7 24. h3 Ngf6 25. Ne3 Ng8 26. g4 $16) 21... Ndf6 22. Be2
$1 Ng8 $2 (22... Bb7 23. Rg3 Qe7 24. Bh5 Rg7 25. Bxg7+ Nxg7 26. Be2 Nxd5 27.
Nxd5 Qxg5 28. Rxg5 Bxd5 29. Rd1 $18) (22... Qe7 $142 23. Qh4 (23. Rg3 Ng7 24.
Re1 Bb7 $132) 23... Bb7 24. Bg5 Qf8 25. Rd1 Nc7 26. Rh3 Qg7 $132) 23. Bh5 Rf6
$2 (23... Re7 $142 24. Bf8 $140 Rf7 25. Bxf7 Qxf7 26. Bh6 Bb7 27. Rd1 Ne7 $132)
(23... Nef6 24. Bxf7 Qxf7 25. Rg3 Ra7 26. Qh4 $18) 24. Bxe8 Qe7 (24... Rxh6 25.
Rg3 Be6 26. Bc6 Rg6 27. Qh4 Rh6 28. Rxg8+ $18) 25. Bc6 Ra7 26. Rh3 Qf7 27. Re1
Re7 28. Rh5 $1 e3 29. Qh4 Rxh6 30. Rxh6 Qg7 31. Rxd6 Qxc3 32. Rd8 Rg7 33. Re2 (
33. Rxc8 Rg4 34. Rxg8+ Kxg8 35. Qd8+ Kg7 36. Qe7+ Kh8 37. Qxe3 $18) 1-0

[Event "EU-ch 4th"]
[Site "Istanbul"]
[Date "2003.06.12"]
[Round "12"]
[White "Fontaine, Robert"]
[Black "Nevednichy, Vladislav"]
[Result "0-1"]
[WhiteElo "2527"]
[BlackElo "2569"]
[Annotator "Huzman,A"]
[PlyCount "70"]
[EventDate "2003.05.30"]
[EventType "swiss"]
[EventRounds "13"]
[EventCountry "TUR"]
[SourceTitle "CBM 096"]
[Source "ChessBase"]
[SourceDate "2003.09.25"]
[SourceVersion "1"]
[SourceVersionDate "2003.09.25"]
[SourceQuality "1"]

1. e4 e5 2. Nf3 d6 3. d4 exd4 4. Qxd4 a6 5. Bg5 Nc6 6. Qd2 Nf6 7. Nc3 Be7 8.
O-O-O O-O 9. Bd3 Re8 (9... b5 10. Kb1 (10. Nd5 Nxd5 11. exd5 Ne5 12. Bxe7 Qxe7
13. Rhe1 Nxd3+ 14. Qxd3 Qf6 $11 {1/2-1/2 Borgo,G-Flear,G/Saint Vincent 2000/
CBM 74 ext (26)}) (10. Rhe1 Rb8 (10... Ne5 11. Nxe5 dxe5 12. Bf1 (12. f4 c6 13.
fxe5 Ng4 14. Bf4 Bc5 15. Rf1 Qe7 16. e6 Qxe6 17. Kb1 Ne5 $11 {1/2-1/2 Caruso,
D-Valori,V/Bratto 2001/EXT 2002 (27)}) 12... Qxd2+ 13. Rxd2 h6 14. Bh4 c6 15.
f3 Be6 $11 {1/2-1/2 Pierrot,F-De las Heras,J/Mar del Plata 1999/EXT 2000 (42)})
11. Nd5 h6 12. Nxe7+ Qxe7 13. Bh4 Ne5 14. Nd4 Rb6 15. f4 Ng6 16. Bf2 c5 17. Nf5
$16 {1/2-1/2 Flaisigova,P-Buldrova,M/Klatovy 1999/EXT 2000 (24)}) 10... Ne5 11.
Nxe5 dxe5 12. Qe2 Bd7 13. h4 c6 14. Rd2 Qa5 15. f4 Be6 16. f5 b4 17. Na4 Bxa2+
18. Kxa2 Qxa4+ 19. Kb1 Rfd8 20. Bxf6 Bxf6 21. Bc4 $44 {1-0 Luther,T-Cornette,M/
Cappelle la Grande 2002/CBM 86 ext (28)}) (9... Ne5 10. Nxe5 dxe5 11. f3 Be6
12. h4 b5 13. g4 b4 14. Nd5 Nxd5 15. exd5 Bxd5 16. Bxh7+ Kxh7 17. Qxd5 Qxd5 18.
Rxd5 Bd6 19. Be3 $11 {1-0 Ripari,M-Carrizo,J/Buenos Aires 1994/TD (46)}) (9...
Be6 10. Kb1 Nb4 11. Nd4 Nxd3 12. Bxf6 Bxf6 13. Qxd3 $11 {1-0 Sebag,M-Verot,M/
Val d'Isere 2002/CBM 89 ext (45)}) 10. h3 (10. Rhe1 h6 11. Bh4 Be6 12. h3 Nd7
13. Bxe7 Qxe7 14. Kb1 Qd8 15. Ng1 b5 16. f4 Nb6 17. Nf3 Rb8 18. e5 dxe5 19. Qf2
Qe7 20. Nxe5 Nxe5 21. Rxe5 Na4 $132 {1/2-1/2 Volokitin,A-Kuzmin,G/Bydgoszcz
1999/EXT 2000 (43)}) 10... h6 11. Bf4 Nd7 $1 12. Nd5 (12. g4 Nce5 13. Be2 Nxf3
14. Bxf3 Bg5 15. Bxg5 hxg5 (15... Qxg5 $2 16. Qxg5 hxg5 17. Nd5 $18) 16. Bg2
Ne5 $13) 12... Bf8 13. Rhe1 (13. g4 Nce5 $1 14. Nxe5 (14. Be2 Nf6 $1 (14... Ng6
15. Be3 Rxe4 16. g5 h5 17. Bd3 Re8 18. Bxg6 fxg6 19. Nf4 $44) 15. Nc3 Ng6 $132)
14... dxe5 15. Be3 c6 16. Nc3 Bc5 $11) 13... Nce5 $1 {[%mdl 4]} 14. Nxe5 (14.
Be2 Ng6 $1) 14... dxe5 $15 {Black's eventual opportunity to launch a Q-side
attack makes one evaluate this position as advantageous for Black.} 15. Bg3 (
15. Be3 c6 16. Nc3 b5 17. Kb1 Nc5 $15) 15... Nc5 16. Qa5 b6 17. Qc3 c6 18. Ne3
Qc7 {[%csl Rg3]} 19. Ng4 Bxg4 20. hxg4 b5 $36 21. Bf1 Na4 22. Qf3 Be7 $1 23. c3
c5 $17 24. Kc2 Nb6 25. Be2 c4 26. Rh1 Rad8 27. Rxd8 (27. Bh4 Rxd1 28. Bxd1 Bxh4
29. Rxh4 Rd8 30. Be2 b4 $1 $40 31. cxb4 $140 Rd3 $1 32. Qf5 (32. Bxd3 cxd3+ 33.
Kxd3 Qd8+ $19)) (27. Kb1 Qc5 28. Qf5 Rxd1+ 29. Bxd1 $1 Bg5 30. Bc2 a5 31. Qf3
b4 $36 {<<}) 27... Bxd8 28. Rd1 Bg5 29. Bf1 Qc5 $1 {[%cal Yb5b4]} 30. Qe2 (30.
Kb1 b4 $40) (30. a3 a5 $17) 30... b4 $1 31. cxb4 (31. Qf3 bxc3 32. Qxc3 Qc6 $17
) 31... Qxb4 32. Qf3 (32. Kb1 $142 c3 33. a3 Qa4 34. Qc2 cxb2 35. Kxb2 Qa5 $40)
32... c3 $1 33. bxc3 (33. b3 Qa3 $19) 33... Qa3 34. Rb1 Rd8 35. Bd3 Na4 0-1

[Event "BIH-chT"]
[Site "Neum"]
[Date "2002.06.05"]
[Round "5.3"]
[White "Kobalia, Mihail"]
[Black "Runic, Zoran"]
[Result "1-0"]
[WhiteElo "2602"]
[BlackElo "2447"]
[Annotator "Huzman,A"]
[PlyCount "57"]
[EventDate "2002.06.02"]
[EventType "team"]
[EventRounds "9"]
[EventCountry "BIH"]
[SourceTitle "CBM 090"]
[Source "ChessBase"]
[SourceDate "2002.09.20"]
[SourceVersion "1"]
[SourceVersionDate "2002.09.20"]
[SourceQuality "1"]
[WhiteTeam "Kiseljak"]
[BlackTeam "Sokolac"]
[WhiteTeamCountry "BIH"]
[BlackTeamCountry "BIH"]

1. e4 e5 2. Nf3 d6 3. d4 Nd7 4. Bc4 c6 5. O-O Be7 6. dxe5 dxe5 7. Ng5 Bxg5 8.
Qh5 Qe7 9. Qxg5 Ngf6 10. b3 b5 (10... Nxe4 11. Qxg7 Rf8 12. Ba3 c5 13. Qxh7
Ndf6 14. Qh4 b6 15. f3 Nd6 16. Bb2 Nf5 17. Bb5+ Kd8 18. Rd1+ Bd7 19. Qe1 $18 {
1-0 Milov,L-Hasangatin,R/Pardubice 1996/CBM 55 ext (59)}) (10... O-O 11. a4 Rd8
12. Ba3 Qe8 13. Nd2 Nf8 14. Rad1 Ng6 15. Rfe1 b5 16. axb5 cxb5 17. Bf1 h6 18.
Qe3 Nf4 19. c4 a6 20. Bb2 Bb7 21. f3 Bc6 22. Nb1 bxc4 23. bxc4 Rdb8 24. Ba1 Qe7
25. Nc3 $16 {1-0 Hracek,Z-Murshed,N/Yerevan 1996/EXT 97 (39)}) 11. Ba3 b4 12.
Bb2 O-O 13. Nd2 h6 (13... Nd5 14. Qxe7 Nxe7 15. a3 c5 16. Bb5 f6 17. Rfd1 a6
18. Bf1 Nb8 19. axb4 cxb4 20. Nc4 Be6 21. Rd6 $16 {1-0 Kuczynski,R-Popek,T/
Suwalki 1999/EXT 2000 (37)}) 14. Qe3 Bb7 15. Rfd1 c5 16. Bb5 Rfd8 (16... a6 17.
Be2 (17. Bxd7 Nxd7 18. Nc4 Rfd8 19. Nd6 Bc6 20. a3 $36) 17... Rfd8 18. f3 $16 {
[%cal Gd2c4]}) 17. f3 Nb6 18. a4 $1 a5 19. c3 {[%cal Ge3b6]} Rd6 20. Nf1 (20.
Qxc5 $1 Rc8 21. Qe3 bxc3 (21... Nbd5 22. exd5 Nxd5 23. Qf2 bxc3 24. Ba3 cxd2
25. Bxd6 Qxd6 26. Qxd2 $16) 22. Bxc3 (22. Ba3 $18) 22... Nbd5 23. exd5 Nxd5 24.
Qxe5 Rxc3 25. Qxe7 Nxe7 26. Nc4 $18) 20... Rc8 21. Ng3 $16 Rcd8 {[%mdl 4]} 22.
Rxd6 Qxd6 23. cxb4 cxb4 (23... axb4 24. Nf5 Qc7 25. Rc1 Nbd7 26. Rd1 $16) 24.
Nf5 Qe6 25. Rc1 $1 {[%mdl 32]} Nbd7 (25... Rc8 26. Rd1 $1 $18 Nbd5 27. Qa7) (
25... Kh7 26. Bxe5 (26. h3) 26... Qxe5 27. Qxb6 Qb2 28. Re1 Rd2 29. Ne3 $16)
26. Rd1 $1 Nd5 27. Qa7 Nc3 28. Bc4 Qf6 29. Rd6 1-0

[Event "ROM-ch"]
[Site "Targoviste"]
[Date "2001.12.05"]
[Round "11"]
[White "Lupulescu, Constantin"]
[Black "Nevednichy, Vladislav"]
[Result "0-1"]
[WhiteElo "2467"]
[BlackElo "2593"]
[Annotator "Huzman,A"]
[PlyCount "124"]
[EventDate "2001.11.23"]
[EventType "tourn"]
[EventRounds "15"]
[EventCountry "ROU"]
[EventCategory "9"]
[SourceTitle "CBM 087"]
[Source "ChessBase"]
[SourceDate "2002.03.21"]
[SourceVersion "1"]
[SourceVersionDate "2002.03.21"]
[SourceQuality "1"]

1. e4 e5 2. Nf3 d6 3. d4 exd4 4. Nxd4 Nf6 5. Nc3 Be7 6. g3 d5 7. e5 Ng4 8. Bf4
g5 (8... c5 9. Ndb5 d4 10. Nd5 O-O 11. Bg2 Nc6 12. Qe2 g5 (12... Bg5 13. Bxg5
Qxg5 14. f4 Qg6 15. O-O-O Be6 16. Be4 Qh6 17. Ndc7 Ne3 18. Nxa8 Rxa8 19. Nc7
Rc8 20. Nxe6 Qxe6 21. Rd3 Nb4 22. Ra3 c4 $13 {1/2-1/2 Deiko,A-Antoshin,V/Minsk
1983 (33)}) 13. Nbc7 gxf4 14. Nxa8 d3 15. Qxd3 Ngxe5 16. Qe4 f3 17. Bxf3 Bf5
18. Qxf5 Nd4 19. Nxe7+ Qxe7 20. Qh5 Nexf3+ 21. Kf1 Qe2+ {0-1 Nikolenko,
O-Antoshin,V/Moscow 1986 (21)}) (8... O-O 9. h3 Nxe5 10. Bxe5 Re8 11. Be2 Bb4
12. Bf4 c5 13. Ndb5 d4 14. O-O Bxh3 15. Na4 Nc6 16. Nd6 Rxe2 17. Qxe2 c4 18.
Qh5 Bxf1 19. Qxf7+ Kh8 20. Nxb7 {1-0 Smirin-Kuzmin,G/Lvov 1990/CBM 18 (20)}) 9.
e6 h5 10. h3 Nxf2 (10... fxe6 11. hxg4 gxf4 12. Qd3 fxg3 13. Qg6+ Kf8 14. fxg3
Qe8 15. Nxe6+ Bxe6 16. Qxe6 Bd6 17. Qxe8+ Kxe8 18. O-O-O $36 {1/2-1/2 Palkovi,
J-Stangl,M/Balatonbereny 1996/CBM 55 (50)}) 11. Qf3 {[%mdl 8]} (11. Kxf2 gxf4
12. Be2 Bf6 13. gxf4 fxe6 14. Bxh5+ Kf8 15. Bg4 Qd6 16. Kg2 Rh6 17. Qd2 Bxd4
18. Nb5 Qe7 19. Nxd4 c5 20. f5 Qh7 21. Nxe6+ Bxe6 22. fxe6 Qe4+ 23. Kg1 Rf6 24.
Re1 {1-0 Yurtaev,L-Okhotnik,V/Lyngby 1990/EXT 97 (24)}) 11... gxf4 (11... Nxh1
12. Be5 f6 (12... Rh7 13. Nxd5 Kf8 14. Bd3 g4 15. Qxh1 $18) 13. Nxd5 g4 14. Qe4
$18) (11... Bxe6 12. Be5 Nxh1 13. Bxh8 $16) 12. Qxf2 (12. exf7+ $1 Kxf7 $5 (
12... Kf8 13. Kxf2 fxg3+ 14. Kg2 c6 (14... Nc6 15. Nxc6 bxc6 16. Bd3 Bf6 17.
Raf1 $13) 15. Nce2 h4 16. Nf4 Rh6 17. Re1 Qd6 18. Bd3 Na6 19. Bf5 Qf6 20. Qg4
Kxf7 21. Rhf1 $40) 13. Qxf2 (13. Qxf4+ Kg7 14. Qxf2 Rf8) 13... Bf6 14. Qxf4 Kg7
$13) 12... fxe6 (12... Bxe6 $5 13. O-O-O (13. Nxe6 fxe6 14. Qxf4 Qd6 $17) 13...
fxg3 14. Qxg3 Qd6 $17) 13. O-O-O fxg3 14. Qxg3 Qd6 15. Qg7 (15. Qg6+ Kd8 16.
Ne4 Qf4+ 17. Kb1 Qh6 $17) 15... Qf4+ 16. Kb1 Qf6 17. Qg3 Bd6 18. Qg2 c6 {
White's much better development makes this move look very risky} (18... Nc6 19.
Bb5 Bd7 20. Rhf1 Qh6 $17) 19. Be2 (19. Bd3 $5 Kd8 20. Nce2 e5 (20... Kc7 21.
Rhf1 Qh6 22. Rf7+ $40) 21. Rhf1 Qe7 22. Nf5 Bxf5 23. Bxf5 Kc7 $17) 19... Be5
20. Rhf1 Qg7 21. Qf2 Bxd4 22. Rxd4 e5 23. Rg1 (23. Rh4 Be6 24. Bxh5+ Kd7 25.
Bg4 Rxh4 26. Qxh4 Na6 27. Ne4 $1 Bxg4 28. Nf6+ Kd6 29. hxg4 Rh8 $17) 23... Qe7
$2 (23... Qf8 24. Qe3 Qe7 $17) 24. Rxd5 $1 Be6 (24... cxd5 25. Nxd5 Qf7 26. Qc5
Nd7 27. Qd6 $40 {/+-}) 25. Rxe5 (25. Rd3 Nd7 26. Rdg3 $44) 25... Bxa2+ 26. Kxa2
(26. Nxa2 Qxe5 27. Re1 Kd8 28. Bg4 Qxe1+ $8 29. Qxe1 hxg4 30. hxg4 Nd7 $11)
26... Qxe5 27. Bc4 $2 (27. Re1 $1 Kd8 28. Bg4 Qxe1 (28... Qa5+ 29. Kb1 hxg4 30.
Qd4+ $18) 29. Qxe1 hxg4 30. hxg4 Nd7 31. Ne4 $16) 27... Kd8 28. Re1 Qa5+ 29.
Kb1 Nd7 30. Qf7 (30. Be6 Re8 31. Qf7 Re7 32. Qg8+ Re8 33. Qf7 $11) 30... Qb4 (
30... Kc7 31. Rd1 Rad8 32. Be6 Rhf8 33. Rxd7+ Kb8 34. Rxd8+ Rxd8 $11) 31. Rd1 (
31. Be6 $5 Qe7 32. Qxe7+ Kxe7 33. Bf5+ Kd6 34. Rd1+ Ke5 35. Bxd7 Rad8 $11)
31... Qe7 32. Qf5 Kc7 33. Be6 Rad8 34. Bxd7 $2 (34. Qf4+ Kc8 (34... Kb6 35. Rd6
$1 Nf6 36. Qb4+ Kc7 37. Rxc6+ $18) 35. Ne4 $1 Rhf8 (35... Qxe6 36. Nd6+ Qxd6
37. Rxd6 $16) 36. Nd6+ Kb8 37. Nf7+ Kc8 (37... Ka8 38. Qc7 Rc8 39. Qxd7 Rc7 40.
Qxe7 Rxe7 41. Ng5 $14 {/=}) 38. Nd6+ $11) 34... Rhf8 35. Qa5+ Kb8 36. Bf5 (36.
Qa3 Qxa3 37. bxa3 Kc7 38. Be6 Rxd1+ 39. Nxd1 Kd6 40. Bb3 Rf3 $19) 36... Rxd1+
37. Nxd1 b6 $19 {The Bf5 is lost, and from now on Black is facing but very
insignificant technical problems on his way to obtaining a full point} 38. Qc3
Rxf5 39. Qxc6 Rf1 40. Qd5 Qf7 41. Qe5+ Kc8 42. Qh8+ Kb7 43. Qd4 Qf5 44. Qg7+
Ka6 45. Qd4 Kb7 46. Qg7+ Kc6 {White's choice of moves is very limited, and he
has no way to improve his position. Black takes advantage of this fact by
sending his king to capture the opponent's "h3" pawn, the loss of which turns
White's position completely hopeless} 47. Qc3+ Kd7 48. Qg7+ Ke6 49. Qg8+ Ke5
50. Qg3+ Kf6 51. Qd6+ Kf7 52. Qc7+ Kg6 53. Qg3+ Kh6 54. Qd6+ Qf6 55. Qd5 Qf3
56. Qd6+ Kg5 57. Qd8+ Qf6 58. Qd3 Kh4 59. Ka2 Qf5 60. Qd4+ Qf4 61. Qd8+ Kxh3
62. Qd5 Qf7 0-1